| 000 | 00985nam a22002177a 4500 | ||
|---|---|---|---|
| 999 |
_c18590 _d18590 |
||
| 003 | AR-CdUCM | ||
| 008 | 190514b ||||| |||| 00| 0 spa d | ||
| 020 | _a84-89309-87-6 | ||
| 040 |
_aMUNICIPALIDAD PROVINCIAL DEL CUSCO _cBIBLIOTECA MUNICIPAL DEL CUSCO |
||
| 082 |
_a844.312 / _bR74 |
||
| 100 |
_aRogriguez Iturri, Roger _939263 |
||
| 245 |
_aCódigo didáctico de los niños y adolescentes : _bversión didáctica del D.L. 26102, código de los niños y adolescentes, con normativa desagregada, concordada y complementada / |
||
| 260 |
_aLima : _bPUCP, _c1994. |
||
| 300 |
_a508 páginas ; _c21 cm. |
||
| 505 | _aContenido: Código didáctico de los niños y adolescentes -- Nota de concordancias -- Constitución política del Perú de 1979 -- Primer anteproyecto de la constitución de 1993... | ||
| 650 |
_aDerechos de los niños _939264 |
||
| 650 |
_aDerechos de los adolescentes _939265 |
||
| 650 |
_aNormativas _939266 |
||
| 942 |
_2ddc _cLIBROS |
||
| 945 |
_adavv _d2019-05-14 |
||